[Event "Dortmund op-B"]
[Site "Dortmund"]
[Date "2004.07.29"]
[Round "7"]
[White "Kaphle, Narendra"]
[Black "Bastians, Felix"]
[Result "0-1"]
[WhiteElo "1395"]
[BlackElo "1556"]
[PlyCount "76"]
[EventDate "2004.07.??"]
[EventType "swiss"]
[EventRounds "9"]
[EventCountry "GER"]
[SourceTitle "EXT 2006"]
[Source "ChessBase"]
[SourceDate "2005.11.24"]
[SourceVersion "1"]
[SourceVersionDate "2005.11.24"]
[SourceQuality "1"]

1. e4 e6 2. Nf3 d5 3. exd5 exd5 4. d4 Bd6 5. Be3 c6 6. a3 Qc7 7. Nbd2 Bg4 8. c3 Nd7 9. Bd3 Ne7 10. 0-0 0-0-0 11. b4 h5 12. h3 f6 13. c4 dxc4 14. Bxc4 g5 15. Ne4 Bf5 16. Nxd6+ Qxd6 17. Nh2 Bg6 18. b5 cxb5 19. Bxb5 Kb8 20. Qd2 Nb6 21. f3 Nbd5 22. Bf2 Bf5 23. Rfd1 g4 24. Nf1 Ka8 25. fxg4 hxg4 26. h4 Bc8 27. g3 f5 28. Rdc1 Ng6 29. Rc5 f4 30. Rac1 fxg3 31. Bxg3 Ndf4 32. Qc2 Qxd4+ 33. Kh2 Be6 34. Bf2 g3+ 35. Bxg3 Nxh4 36. Bxf4 Qxf4+ 37. Kh1 Qf3+ 38. Kg1 Rdg8+ 0-1

[Event "Dortmund op-B"]
[Site "Dortmund"]
[Date "2004.07.23"]
[Round "1"]
[White "Kaphle, Narendra"]
[Black "Ziemek, Gerhard"]
[Result "0-1"]
[WhiteElo "1395"]
[BlackElo "1737"]
[PlyCount "54"]
[EventDate "2004.07.??"]
[EventType "swiss"]
[EventRounds "9"]
[EventCountry "GER"]
[SourceTitle "EXT 2006"]
[Source "ChessBase"]
[SourceDate "2005.11.24"]
[SourceVersion "1"]
[SourceVersionDate "2005.11.24"]
[SourceQuality "1"]

1. e4 c5 2. Nc3 Nc6 3. Nf3 d6 4. Bc4 Nf6 5. d3 a6 6. a3 e6 7. Bg5 Be7 8. Bxf6 Bxf6 9. Qe2 0-0 10. Ba2 b5 11. Rb1 Qa5 12. Qd2 Bd7 13. Bb3 Rad8 14. Ne2 b4 15. 0-0 Rb8 16. Ng3 bxa3 17. Qxa5 Nxa5 18. bxa3 Bb5 19. Ba2 Ba4 20. Rxb8 Rxb8 21. Rb1 Bb2 22. Ne1 Rb7 23. Bb3 Bc3 24. Kf1 Bxb3 25. cxb3 Nxb3 26. Ne2 Nd2+ 27. Kg1 Rxb1 0-1